000 00303nam a2200133Ia 4500
082 _a150
_bI05M
100 _aMORGAN , CLIFFORD T.
245 _aINTRODUCTION TO PSYCHOLOGY
250 _a7TH
260 _bTATA MC GROW HILL
_aINDIA
_c2005
300 _a1-724
650 _aPSYCHOLOGY
942 _2ddc
_cBK
_026
999 _c1473
_d1473